| 000 | 01282nmc a2200421 a 4500 | ||
|---|---|---|---|
| 003 | AR-BaBNM | ||
| 005 | 20251128205239.0 | ||
| 008 | 097019s1986 ||||||||||||||000 | spa|| | ||
| 040 | _cAR-BaBNM | ||
| 245 | 1 | 0 |
_aEl sistema educativo hoy _n1 |
| 250 | _a2ª ed. | ||
| 260 |
_aBuenos Aires _bDocencia _c1986 |
||
| 300 | 0 | _a237 p. | |
| 490 | 0 |
_aCongreso Pedagógico. Compromiso y creatividad _vv. 23 |
|
| 500 | 0 | _aContiene referencias bibliográficas en notas a pie de página | |
| 650 | 4 | _aCIENCIA Y TECNOLOGIA | |
| 650 | 4 | _aRELACION FAMILIA-ESCUELA | |
| 650 | 4 | _aTELEVISION EDUCATIVA | |
| 650 | 4 | _aDEMANDA DE EDUCACION | |
| 650 | 4 | _aEDUCACION Y EMPLEO | |
| 650 | 4 | _aFILOSOFIA DE LA EDUCACION | |
| 651 | 4 | _aArgentina | |
| 653 | _aSISTEMA EDUCATIVO | ||
| 653 | _aREFORMA EDUCATIVA | ||
| 653 | _aEDUCACION PRIMARIA | ||
| 653 | _aEDUCACION SECUNDARIA | ||
| 700 | 1 | _aSantaló, Luis Antonio | |
| 700 | 1 | _aMedina Rubio, Rogelio | |
| 700 | 1 | _aCirigliano, Gustavo F.J. | |
| 700 | 1 | _aBianchi, Ariel Edgardo | |
| 700 | 1 | _aMandrioni, Héctor Delfor | |
| 700 | 1 | _aBaragli, Enrico | |
| 700 | 1 | _aMorales de Spagnolo, María Rosa | |
| 700 | 1 |
_aGómez, Eugenio _eprologuista |
|
| 800 | 1 |
_aGómez de Mier, Eugenio _ecoordinador |
|
| 942 | _cBK | ||
| 998 | _cSILVI | ||
| 999 |
_c10584 _d10584 |
||